Actividades de Cáritas Española en 1969 / (Record no. 40825)

MARC details
000 -LEADER
campo de control de longitud fija 00452nam a2200157 i 4500
001 - NÚMERO DE CONTROL
campo de control 40825
003 - IDENTIFICADOR DE NÚMERO DE CONTROL
campo de control ES-MaACL
005 - FECHA Y HORA DE LA ÚLTIMA TRANSACCIÓN
campo de control 20230906160322.0
007 - CAMPO FIJO DE DESCRIPCIÓN FÍSICA--INFORMACIÓN GENERAL
campo de control de longitud fija t|
008 - DATOS DE LONGITUD FIJA--INFORMACIÓN GENERAL
campo de control de longitud fija 030307s1970 sp ||||1| spa d
110 2# - ENTRADA PRINCIPAL--NOMBRE DE ENTIDAD CORPORATIVA
Nombre de entidad corporativa o nombre de jurisdicción como elemento de entrada Cáritas Española.
9 (RLIN) 2442
245 10 - MENCIÓN DEL TÍTULO
Título Actividades de Cáritas Española en 1969 /
Mención de responsabilidad, etc. Cáritas Española.
260 ## - PUBLICACIÓN, DISTRIBUCIÓN, ETC.
Lugar de publicación, distribución, etc. [Madrid :
Nombre del editor, distribuidor, etc. s.n.,
Fecha de publicación, distribución, etc. 1970] (
Fabricante Imp. Minuesa)
300 ## - DESCRIPCIÓN FÍSICA
Extensión 101 p. ;
Dimensiones 31 cm.
852 ## - LOCALIZACIÓN
Ubicación ES-MaACL
Número de control de estantería C-41678
Sublocalización o colección R.75349
Holdings
Estatus retirado Estado de pérdida Estado de daño No para préstamo Biblioteca de origen Biblioteca actual Ubicación en estantería Fecha de adquisición Fuente de adquisición Total de préstamos Signatura topográfica completa Código de barras Visto por última vez Precio de reemplazo Tipo de ítem Koha
        Biblioteca del Ateneo de Madrid Biblioteca del Ateneo de Madrid Depósito 2 17/01/2008     C-41678 1042975 23/02/2023 23/02/2023 Libro impreso